Derechos fiduciarios y mercados de valores : (Registro nro. 3811)
[ vista simple ]
| 000 -LEADER | |
|---|---|
| fixed length control field | 01084nam a2200253Ia 4500 |
| 003 - CONTROL NUMBER IDENTIFIER | |
| control field | OSt |
| 005 - DATE AND TIME OF LATEST TRANSACTION | |
| control field | 20200819175631.0 |
| 008 - FIXED-LENGTH DATA ELEMENTS--GENERAL INFORMATION | |
| fixed length control field | 191128s2014 ck gr 000 0 spa d |
| 020 ## - INTERNATIONAL STANDARD BOOK NUMBER | |
| International Standard Book Number | 9789586958943 |
| 040 ## - CATALOGING SOURCE | |
| Original cataloging agency | CO-JMCR |
| Transcribing agency | CO-JMCR |
| 041 0# - LANGUAGE CODE | |
| Language code of text/sound track or separate title | spa |
| 082 04 - DEWEY DECIMAL CLASSIFICATION NUMBER | |
| Classification number | 346.059 / |
| Item number | V317d |
| Edition number | 23 |
| 100 1# - MAIN ENTRY--PERSONAL NAME | |
| Personal name | Varón Palomino, Juan Carlos, |
| Relator term | autor |
| 9 (RLIN) | 8957 |
| 245 10 - TITLE STATEMENT | |
| Title | Derechos fiduciarios y mercados de valores : |
| Remainder of title | reflexión frente a la normativa colombiana / |
| Statement of responsibility, etc. | Juan Carlos Varón Palomino y Germán Darío Abella Abondano |
| 250 ## - EDITION STATEMENT | |
| Edition statement | Primera edición |
| 260 ## - PUBLICATION, DISTRIBUTION, ETC. | |
| Place of publication, distribution, etc. | Bogotá : |
| Name of publisher, distributor, etc. | Universidad de los Andes, |
| Date of publication, distribution, etc. | 2014 |
| 300 ## - PHYSICAL DESCRIPTION | |
| Extent | 92 páginas ; |
| Dimensions | 23 cm. |
| 504 ## - BIBLIOGRAPHY, ETC. NOTE | |
| Bibliography, etc. note | Bibliografía: páginas 73-77 |
| 505 0# - FORMATTED CONTENTS NOTE | |
| Formatted contents note | Régimen legal de los derechos fiduciarios en Colombia -- Derechos fiduciarios configurados como activos o instrumentos financieros y su relación con el régimen del mercado de valores |
| 650 14 - SUBJECT ADDED ENTRY--TOPICAL TERM | |
| Topical term or geographic name entry element | Fiducia |
| General subdivision | legislación |
| Geographic subdivision | Colombia |
| 9 (RLIN) | 8958 |
| 650 14 - SUBJECT ADDED ENTRY--TOPICAL TERM | |
| Topical term or geographic name entry element | Contratos |
| General subdivision | legislación |
| Geographic subdivision | Colombia |
| 9 (RLIN) | 8894 |
| 700 1# - ADDED ENTRY--PERSONAL NAME | |
| Personal name | Abella Abondano, Germán Darío, |
| Relator term | autor |
| 9 (RLIN) | 8959 |
| 942 ## - ADDED ENTRY ELEMENTS (KOHA) | |
| Source of classification or shelving scheme | Dewey Decimal Classification |
| Koha item type | Books |
| Withdrawn status | Lost status | Source of classification or shelving scheme | Damaged status | Not for loan | Collection code | Home library | Current library | Date acquired | Source of acquisition | Full call number | Barcode | Date last seen | Copy number | Koha item type |
|---|---|---|---|---|---|---|---|---|---|---|---|---|---|---|
| Dewey Decimal Classification | Non-fiction | Biblioteca Pública José María del Castillo y Rada | Biblioteca Pública José María del Castillo y Rada | 12/01/2017 | Donación | 346.059 / V317d | 201808279 | 05/16/2024 | Ej.1 | Books |